| 000 | 00419nam a2200169Ia 4500 | ||
|---|---|---|---|
| 008 | 230917s9999||||xx |||||||||||||| ||und|| | ||
| 020 | _cRS195 | ||
| 040 |
_e24125 _aMAIN |
||
| 041 | _aEnglish | ||
| 082 | _a152 L579I | ||
| 100 | _aLevinthal, Charles F | ||
| 245 | 0 | _aIntroduction to physiological psychology | |
| 250 | _a3rd. ed. | ||
| 260 |
_aNew Delhi _bPrentice-Hall of India |
||
| 300 | _a522 p. | ||
| 942 | _cBK | ||
| 999 |
_c96513 _d96513 |
||